000
00345nam a2200145Ia 4500
008
151213s9999 xx 000 0 und d
100
_a
evsjv‡`k we.wW.
245
_a
evsjv‡`k †M‡RU|
_c
evsjv‡`k we.wW.
260
_a
XvKv
_b
we.wW.
300
_a
2922 p.
650
_a
Law
650
_a
Law
700
_a
evsjv‡`k we.wW.
999
_c
2009
_d
2009